Informatik Theorie und Praxis der wissenschaftlichtechnischen Information

Salvato in:
Dettagli Bibliografici
Natura: Periodico
Lingua:tedesco
Pubblicazione: Berlin Wirtschaft
Tags: Aggiungi Tag
Nessun Tag, puoi essere il primo ad aggiungerne!!

MARC

LEADER 00000nas1a22000001 4500
001 s120479
005 20041019155345.9
041 0 |a ger 
044 |a DE 
245 1 0 |a Informatik  |b Theorie und Praxis der wissenschaftlichtechnischen Information 
264 1 |a Berlin  |b Wirtschaft